Sports Quiz

Random Sports or Network Quiz
Score 0/10 Timer 03:00
0 Plays Today
Rank Player % Correct
1Barry Sanders
98.3%
2Gale Sayers
60.5%
3Marshall Faulk
46%
6Red Grange
21.5%
7Randall Cunningham
6.6%
5Bobby Mitchell
5.3%
4Hugh McElhenny
4.5%
8Joe Washington
3.9%
9Dickie Post
2.8%
10Willie Galimore
2.2%
Remove Ads.
Support Sporcle.
Get the best of Sporcle when you Go Orange. This ad-free experience offers more features, more stats, and more fun while also helping to support Sporcle. Thank you for becoming a member.

You're not logged in!

Compare scores with friends on all Sporcle quizzes.
OR
Log In

Show Comments

Extras

Top Quizzes Today


Score Distribution

Your Account Isn't Verified!

In order to create a playlist on Sporcle, you need to verify the email address you used during registration. Go to your Sporcle Settings to finish the process.

Report this User

Report this user for behavior that violates our Community Guidelines.

Details: